Teoría financiera moderna: fundamentos y método

Guardat en:
Dades bibliogràfiques
Autor principal: Parada Daza, José Rigoberto (autor)
Format: Llibre
Idioma:espanyol
Publicat: Santiago Conosur 2000
Matèries:
Etiquetes: Afegir etiqueta
Sense etiquetes, Sigues el primer a etiquetar aquest registre!

MARC

LEADER 00000nam a2200000 a 4500
001 UCO8530
003 CL-VaPUC
008 001215e20000000CL |||||||||||||||||spa|d
082 0 4 |a 332.01  |b PAR  |2 21 
100 |a Parada Daza, José Rigoberto  |e autor  |9 596101 
245 1 0 |a Teoría financiera moderna: fundamentos y método 
300 |a 179 p 
942 |c BK 
945 |d 20001215 00:00:00  |a cmena 
260 |a Santiago  |b Conosur  |c 2000 
650 0 |a Economía financiera  |9 359635 
650 0 |a Filosofía de las ciencias sociales  |9 268057 
650 0 |a Teoría económica  |9 315055 
650 0 |a Administración financiera  |9 261146 
583 |a last modification  |c 20121001 10:41:10  |k Rodrigo Vera 
999 |c 293140  |d 293138 
952 |0 0  |1 0  |4 0  |6 332_010000000000000_PAR_2000  |7 0  |8 R  |9 344388  |a BIBGIM  |b BIBGIM  |d 2019-11-20  |i 367469K  |o 332.01 PAR 2000  |p 367469K  |r 2025-01-15  |w 2019-11-20  |y BK_R  |k COM 
952 |0 0  |1 0  |4 0  |6 332_010000000000000_PAR_2000  |7 0  |8 R  |9 344389  |a BIBGIM  |b BIBGIM  |d 2019-11-20  |i 3674703  |l 1  |o 332.01 PAR 2000  |p 3674703  |r 2025-01-15  |s 2021-11-16  |w 2019-11-20  |y BK_R  |k COM